000 01006nam a2200301Ia 4500
001 Para_6008
003 CHAP
008 220125s1990 xx 000 0 und d
010 _a204763
040 _cCHAP
090 _aPA TESIS 592
100 _aAlonso Laure, Juana Paulina
_94578
245 _aControl químico de chayotillo (sicyos spp) en el cultivo de maíz en el sur de Jalisco /
_c por Juana Paulina Alonso Laure
260 _aChapingo, Méx. :
_b el autor
300 _a34 h.
502 _aTesis (Ing. Agr. Esp. en Parasitología Agrícola) -- UACh. Departamento de Parasitología Agrícola
650 _aMaíz
_x Jalisco
_9170731
650 _aMaíz
_x malas hierbas
_x control
_971003
650 _aSicyos deppei
_9105804
710 _aUACh. Departamento Parasitología Agrícola
_9164025
901 _aPA TESIS 592
902 _aA
905 _a0000001990 0000000000 00
910 _a1990
942 _cPARA
942 _cPARA
_d1
999 _c204763
_d204763